00379 a2200121 4500001001000000005001700010008004100027245005700068100002200125700002100147773007200168999001700240ART_1180220260410161900.0260409a 10aA utility-based analysis of the wage subsidy program1 aPencavel, John H.1 aHurd, Michael D.0 tJournal of public economicsg- Vol. 15, NÂș 2 (abr. 1981)wREV11485 c25848d25848